Roczna ilość samobójstw mężczyzn w Europie - Statystyki

Ogólne statystyki
  • Ten quiz został rozwiązany 459 razy
  • Średni wynik to 13 z 16
Statystyki odpowiedzi
Liczba samobójstw mężczyzn na 100,000 mieszkańców Kraj % Poprawnych
32,7 Polska
99%
32.2 Rosja
96%
28,7 Ukraina
94%
47,1 Litwa
91%
35,0 Białoruś
89%
31,9 Łotwa
87%
26,4 Estonia
86%
19,0 Francja
81%
19,5 Serbia
77%
19,2 Chorwacja
76%
25,8 Węgry
76%
21,4 Finlandia
75%
24,5 Słowenia
74%
22,3 Mołdawia
71%
18,3 Bułgaria
68%
23,4 Belgia
67%
Nie znaleziono quizów pasujących do podanych kryteriów
Rozkład punktacji
Procent ludzi z każdym wynikiem
Percentyl według liczby udzielonych odpowiedzi
Twoja historia wyników
Nie rozwiązałeś tego quizu